<?xml version="1.0" encoding="UTF-8"?>
<record
    xmlns:xsi="http://www.w3.org/2001/XMLSchema-instance"
    xsi:schemaLocation="http://www.loc.gov/MARC21/slim http://www.loc.gov/standards/marcxml/schema/MARC21slim.xsd"
    xmlns="http://www.loc.gov/MARC21/slim">

  <leader>     nam a22        4500</leader>
  <datafield tag="999" ind1=" " ind2=" ">
    <subfield code="c">30169</subfield>
    <subfield code="d">30169</subfield>
  </datafield>
  <controlfield tag="008">190321b        xxu||||| |||| 00| 0 eng d</controlfield>
  <datafield tag="050" ind1=" " ind2=" ">
    <subfield code="a">LB 1139.23 .M84 2018</subfield>
  </datafield>
  <datafield tag="100" ind1=" " ind2=" ">
    <subfield code="a">Muema Mary Mbula</subfield>
  </datafield>
  <datafield tag="245" ind1=" " ind2=" ">
    <subfield code="a">Play determinants influencing acquisition of numeracy skills among early childhood learners in ECDE centres in Kathiani Sub-county, Machakos /</subfield>
  </datafield>
  <datafield tag="260" ind1=" " ind2=" ">
    <subfield code="a">Kenya :</subfield>
    <subfield code="b">Mary Muema</subfield>
    <subfield code="c">2018</subfield>
  </datafield>
  <datafield tag="300" ind1=" " ind2=" ">
    <subfield code="a">xii,95p. :</subfield>
    <subfield code="b">ill., Maps ;</subfield>
    <subfield code="c">28cm.</subfield>
  </datafield>
  <datafield tag="504" ind1=" " ind2=" ">
    <subfield code="a">Include Bibliographic references</subfield>
  </datafield>
  <datafield tag="650" ind1=" " ind2=" ">
    <subfield code="a">Acquisition of numeracy skills</subfield>
    <subfield code="x">ECDE</subfield>
    <subfield code="z">Kathiani Sub-county</subfield>
  </datafield>
  <datafield tag="942" ind1=" " ind2=" ">
    <subfield code="2">lcc</subfield>
    <subfield code="c">T &amp; D</subfield>
    <subfield code="h">LB 1139.23 .M84 2018</subfield>
  </datafield>
  <datafield tag="952" ind1=" " ind2=" ">
    <subfield code="0">0</subfield>
    <subfield code="1">0</subfield>
    <subfield code="2">lcc</subfield>
    <subfield code="4">0</subfield>
    <subfield code="7">0</subfield>
    <subfield code="a">MUC</subfield>
    <subfield code="b">MUC</subfield>
    <subfield code="c">AFR</subfield>
    <subfield code="d">2019-03-21</subfield>
    <subfield code="e">donation (Mksu)</subfield>
    <subfield code="l">0</subfield>
    <subfield code="o">LB 1139.23 .M84 2018</subfield>
    <subfield code="p">TD50</subfield>
    <subfield code="r">2019-03-21</subfield>
    <subfield code="w">2019-03-21</subfield>
    <subfield code="y">T &amp; D</subfield>
  </datafield>
</record>
